| Поле | Инд. | ПП | Название | Значение |
|---|---|---|---|---|
| Тип записи | a | |||
| Библиографический уровень | m | |||
| 001 | Контрольный номер | RU/IS/BASE/472120528 | ||
| 005 | Дата корректировки | 20150120140151.4 | ||
| 040 | a | Служба первич. каталог. | НБ ТвГУ | |
| b | Код языка каталог. | rus | ||
| e | Правила каталог. | PSBO | ||
| 041 | 0_ | a | Код языка текста | rus |
| 080 | a | Индекс УДК | 537.1(075.8) | |
| 084 | a | Индекс другой классификации/Индекс ББК | В33я73-1 | |
| 090 | a | Полочн. индекс | В33 | |
| x | Авторский знак | Т 17 | ||
| 100 | 1_ | a | Автор | Тамм Игорь Евгеньевич |
| q | Полное имя | Тамм И. Е. | ||
| 245 | 00 | a | Заглавие | Основы теории электричества |
| b | Продолж. заглавия | учебное пособие для государственных университетов | ||
| 250 | a | Основные сведения об издании | Изд. 6-е | |
| 260 | a | Место издания | Москва | |
| b | Издательство | Гостехиздат | ||
| c | Дата издания | 1956 | ||
| 300 | a | Объем | 620 с. | |
| b | Иллюстрации/ тип воспроизводства | ил., табл. | ||
| 504 | a | Библиография | Предм. указ.: с. 618-620 | |
| 653 | a | Ключевые слова | Теория электричества | |
| a | Ключевые слова | Учебники для вузов | ||
| a | Ключевые слова | Физика | ||
| a | Ключевые слова | Электричество | ||
| 901 | t | Тип документа | m | |
| 910 | a | гриф есть* | ||
| 920 | a | Оператор | Семен | |
| a | Оператор | Суха | ||
| a | Оператор | Густ | ||
| a | Оператор | Стро | ||
| 930 | a | Новая/Ретро | новая | |
| 952 | c | Вид литературы | К ру | |
| 954 | a | Дата поступления на обработку | 20150119 | |
| c | Дата окончания ОНО | 20150120 | ||
| b | Дата поступления в ОК | 20141217 |